Cachoeiro de Itapemirim (Registro n. 721)
[ somente texto ]
| 000 -LEADER | |
|---|---|
| fixed length control field | 00729nas a22002297a 4500 |
| 005 - DATE AND TIME OF LATEST TRANSACTION | |
| control field | 20260527162532.0 |
| 008 - FIXED-LENGTH DATA ELEMENTS--GENERAL INFORMATION | |
| fixed length control field | 260527b19411947poruu|j| |||| 00| z por d |
| 040 ## - CATALOGING SOURCE | |
| Transcribing agency | BR-ViAPE |
| 245 ## - TITLE STATEMENT | |
| Title | Cachoeiro de Itapemirim |
| 260 ## - PUBLICATION, DISTRIBUTION, ETC. | |
| Place of publication, distribution, etc. | Cachoeiro de Itapemirim |
| Name of publisher, distributor, etc. | Tipografia Madureira |
| Date of publication, distribution, etc. | 1941-1947 |
| 300 ## - PHYSICAL DESCRIPTION | |
| Extent | v. |
| Other physical details | il. |
| 310 ## - CURRENT PUBLICATION FREQUENCY | |
| Current publication frequency | Irregular |
| 362 ## - DATES OF PUBLICATION AND/OR SEQUENTIAL DESIGNATION | |
| Dates of publication and/or sequential designation | jun. 1941 - 1947. |
| 500 ## - GENERAL NOTE | |
| General note | Coleção incompleta: disponíveis apenas alguns números do periódico. |
| 650 ## - SUBJECT ADDED ENTRY--TOPICAL TERM | |
| Topical term or geographic name entry element | História |
| General subdivision | Personalidades |
| -- | Propaganda |
| Geographic subdivision | Espírito Santo |
| 651 ## - SUBJECT ADDED ENTRY--GEOGRAPHIC NAME | |
| Geographic name | Espírito Santo (Brasil) |
| Form subdivision | Periódicos |
| 700 ## - ADDED ENTRY--PERSONAL NAME | |
| Personal name | Vieira, Perly |
| Relator term | Diretor |
| 700 ## - ADDED ENTRY--PERSONAL NAME | |
| Personal name | Lima, Raul |
| Relator term | Diretor |
| 710 ## - ADDED ENTRY--CORPORATE NAME | |
| Corporate name or jurisdiction name as entry element | Topografia Madureira |
| 942 ## - ADDED ENTRY ELEMENTS (KOHA) | |
| Source of classification or shelving scheme | Dewey Decimal Classification |
| Koha item type | Periódicos |
| Suppress in OPAC | Yes |
| Withdrawn status | Lost status | Source of classification or shelving scheme | Damaged status | Not for loan | Home library | Current library | Date acquired | Total checkouts | Date last seen | Price effective from | Koha item type |
|---|---|---|---|---|---|---|---|---|---|---|---|
| Dewey Decimal Classification | Hemeroteca Digital do Arquivo Público do Estado do Espírito Santo | Hemeroteca Digital do Arquivo Público do Estado do Espírito Santo | 05/27/2026 | 05/27/2026 | 05/27/2026 | Periódicos |